| 000 | 01025nam a2200289 a 4500 | ||
|---|---|---|---|
| 001 | 60383 | ||
| 003 | BD-RjUL | ||
| 005 | 20211209080831.0 | ||
| 008 | 161231s2006 caua b 000 0 eng d | ||
| 020 | _a1412909767 (pbk.) | ||
| 035 | _a(BD-RjUL)60507 | ||
| 040 |
_aDLC _cDLC _dDLC _dBD-RjUL _beng |
||
| 041 | _aeng | ||
| 082 | 0 | 0 |
_a658.11 _223 _bCAS 2006 |
| 245 | 0 | 0 |
_aCases in entrepreneurship : _bthe venture creation process / _cEric A. Morse, Ronald K. Mitchell. |
| 260 |
_aThousand Oaks, Calif. : _bSAGE Publications, _cc2006. |
||
| 300 |
_axvi, 427 p. : _bill. ; _c24 cm. |
||
| 490 | _aThe Ivey casebook series | ||
| 504 | _aIncludes bibliographical references (p. 423-425) and index. | ||
| 650 | 0 |
_aNew business enterprises _vCase studies. _9179698 |
|
| 650 | 0 |
_aBusiness incubators _vCase studies. _9179699 |
|
| 650 | 0 |
_aVenture capital _vCase studies. _9179700 |
|
| 650 | 0 |
_aEntrepreneurship _vCase studies. _9179701 |
|
| 700 | 1 |
_aMorse, Eric A. _9179702 |
|
| 700 | 1 |
_aMitchell, Ronald K. _9179703 |
|
| 942 |
_2ddc _cBK |
||
| 999 |
_c60383 _d60383 |
||